000 00684nam a22002417a 4500
003 BUBTL
008 231031b ||||| |||| 00| 0 eng d
020 _a8121903696
041 _aeng
082 _a320.5/ M2773p/ 1988
100 _92067
_aMahajan, V.D.
245 _aPolitical Theory :
_bPrinciples of Political Theory /
_cV.D. Mahajan
250 _a4th ed.
260 _aNew Delhi :
_bS. Chand & Company Ltd.,
_cc1988
300 _axvi, 910 p. :
_c21.5 cm.
500 _aIncludes Index
505 _aPolitical Theory, V.D. Mahajan, Law
526 _aLaw
650 0 _926
_aLaw
856 _k0
_l0
_yDownload
942 _2ddc
_cBK
999 _c7123
_d7123